[Event "WYCC U18 Open"]
[Site "Caldas Novas BRA"]
[Date "2011.11.20"]
[Round "3"]
[White "Debashis,D"]
[Black "Neves,P"]
[Result "1-0"]
[WhiteElo "2369"]
[BlackElo "2222"]

1.d4 Nf6 2.c4 e6 3.Nc3 c5 4.d5 exd5 5.cxd5 d6 6.Nf3 g6 7.Bf4 Bg7 8.Qa4+ Bd7
9.Qb3 Qc7 10.e4 Nh5 11.Be3 O-O 12.Be2 a6 13.a4 Bg4 14.h3 Bxf3 15.Bxf3 Nd7
16.Bxh5 gxh5 17.Qc2 b5 18.O-O b4 19.Ne2 b3 20.Qxb3 Rfb8 21.Qd1 Rb4 22.Ng3 Nf6
23.Bd2 Rd4 24.Nf5 Rxe4 25.Nxg7 Kxg7 26.Bc3 Rae8 27.Qxh5 h6 28.Qf5 Qd8 29.Ra3 R8e5
30.Bxe5 Rxe5 31.Rg3+ Kf8 32.Qf4 Ne4 33.Qxh6+ Ke7 34.Re1 Nf6 35.Ree3 Qb6 36.Rxe5+ dxe5
37.Qe3  1-0

[Event "Femida Cup Men"]
[Site "Kharkiv UKR"]
[Date "2011.11.20"]
[Round "1"]
[White "Baryshpolets,A"]
[Black "Yilmaz,M"]
[Result "1-0"]
[WhiteElo "2477"]
[BlackElo "2515"]

1.d4 Nf6 2.c4 e6 3.Nf3 c5 4.d5 d6 5.Nc3 exd5 6.cxd5 g6 7.g3 Bg7 8.Bg2 O-O
9.O-O Re8 10.Nd2 a6 11.a4 Nbd7 12.h3 Rb8 13.Nc4 Ne5 14.Na3 Nh5 15.e4 Bd7
16.a5 b5 17.axb6 Bb5 18.g4 Bxf1 19.Qxf1 Nf6 20.f4 Nexg4 21.Bf3 Nxe4 22.Nxe4 Bd4+
23.Kg2 Ne3+ 24.Bxe3 Bxe3 25.Re1 Bxf4 26.Bg4 Be5 27.Nc4 f5 28.Bxf5 gxf5 29.Qxf5 Bg7
30.Ncxd6 Rf8 31.Qe6+ Kh8 32.b7 Qh4 33.Re2 Qh5 34.Ng3 Qf3+ 35.Kh2 Qf4 36.Kg2 Qf3+
37.Kh2 Qf4 38.b3 Bd4 39.Nf5 Rxb7 40.d6 Qg5 41.d7 Rbb8 42.b4 Rxb4 43.Nd6 Qf6
44.Nf7+ Kg8 45.Nh6+ Kh8 46.Nf7+ Kg8 47.d8=Q Rxd8 48.Nh6+ Kh8 49.Nf7+ Kg8
50.Nxd8+ Qxe6 51.Rxe6 Rb2+ 52.Kh1 Rf2 53.Ne4 Rf8 54.Nb7 c4 55.Rc6 c3 56.Rc4 Be5
57.Kg2 Rf4 58.Rc8+ Kf7 59.Nxc3 Rb4 60.Nd8+ Kg6 61.Ne2 Kf5 62.Nc6 Rb2 63.Kf3 Rb3+
64.Kg2 Rb2 65.Kf2 Bf6 66.Ra8 Rb6 67.Na5 Kg5 68.Nc4 Rb3 69.Ne3 Kh4 70.Rg8 Bg5
71.Nf5+ Kxh3 72.Rxg5 Rb2 73.Rg3+ Kh2 74.Rg4 Rb3 75.Ne3  1-0

[Event "3rd Pilsen Open"]
[Site "Plzen CZE"]
[Date "2011.11.21"]
[Round "3"]
[White "Hrdlicka,Vaclav"]
[Black "Gschwendtner,S"]
[Result "1/2-1/2"]
[WhiteElo "1664"]
[BlackElo "2011"]

1.d4 Nf6 2.Nf3 c5 3.d5 e6 4.c4 exd5 5.cxd5 d6 6.Nc3 g6 7.e4 Bg7 8.Bb5+ Bd7
9.Bxd7+ Nbxd7 10.O-O O-O 11.Bf4 Re8 12.Re1 Ne5 13.Nxe5 dxe5 14.Bg5 Qd6 15.Qc2 a6
16.a4 b6 17.b3 h6 18.Bxf6 Bxf6 19.Ne2 Rab8 20.Qd3 b5 21.axb5 axb5 22.Ra5 b4
23.Qc4 Rec8 24.Nc1 Ra8 25.Rxa8 Rxa8 26.Nd3 Be7 27.f4 f6 28.fxe5 fxe5 29.Rc1 Ra5
30.h3 Bg5 31.Re1 Bd2 32.Rd1 Be3+ 33.Kh1 Bd4 34.Rf1 Kg7 35.Kh2 h5 36.Qc2 Qe7
37.Qc4 Qd6 38.Qc2 Qe7 39.Qc4 Qd6  1/2-1/2

[Event "Egyptian Open 2011"]
[Site "Cairo EGY"]
[Date "2011.11.22"]
[Round "4"]
[White "Sadek,S"]
[Black "Ismail,R"]
[Result "1-0"]
[WhiteElo "2372"]
[BlackElo "2184"]

1.d4 Nf6 2.Nf3 e6 3.c4 c5 4.d5 exd5 5.cxd5 d6 6.Nc3 g6 7.e4 Bg7 8.Nd2 O-O
9.Be2 Re8 10.O-O Nbd7 11.f4 a6 12.a4 Rb8 13.Qc2 Qa5 14.Nc4 Qc7 15.e5 dxe5
16.d6 Qc6 17.fxe5 Nxe5 18.Nxe5 Rxe5 19.Bf4 Re8 20.Bf3 Qd7 21.Nd5 Nxd5 22.Bxd5 b6
23.Bg3 Rf8 24.Rae1 Qg4 25.Rf4 Bd4+ 26.Kh1 Bf5 27.Qd2  1-0

[Event "3rd Pilsen Open"]
[Site "Plzen CZE"]
[Date "2011.11.26"]
[Round "9"]
[White "Kourousis,E"]
[Black "Yakimenko,Alex"]
[Result "0-1"]
[WhiteElo "2277"]
[BlackElo "2260"]

1.d4 e6 2.c4 Nf6 3.Nf3 c5 4.d5 exd5 5.cxd5 d6 6.Nc3 g6 7.e4 Bg7 8.h3 O-O
9.Bd3 Re8 10.O-O a6 11.a4 Qc7 12.Re1 Nbd7 13.Bf4 Nh5 14.Bh2 Ne5 15.Be2 Qe7
16.Nxe5 Bxe5 17.Bxh5 Bxh2+ 18.Kxh2 Qe5+ 19.g3 Qxh5 20.Qxh5 gxh5 21.Rab1 Bd7
22.b4 c4 23.Ra1 Re7 24.b5 axb5 25.axb5 Ree8 26.Reb1 f5 27.f3 fxe4 28.fxe4 Kg7
29.Rf1 Rxa1 30.Rxa1 Kf6 31.Ra7 Rb8 32.Ra4 Rc8 33.Ra7 Rb8 34.Ra4 Ke5 35.Rxc4 Rc8
36.Rxc8 Bxc8 37.Kg2 Kd4 38.Na4 Kxe4 39.Nb6 Bf5 40.g4 hxg4 41.hxg4 Bg6 42.Kg3 Kd4
43.Kf4 Kc5 44.Nd7+ Kxd5 45.Kg5 Kc4 46.b6 d5 47.Ne5+ Kc5 48.Nd7+ Kc6 49.Nf6 d4
50.Kf4 Kxb6  0-1

[Event "Vizag GM Open"]
[Site "Visakhapatnam IND"]
[Date "2011.11.28"]
[Round "8"]
[White "Rajesh,VA"]
[Black "Satyapragyan,S"]
[Result "1/2-1/2"]
[WhiteElo "2338"]
[BlackElo "2436"]

1.d4 c5 2.d5 Nf6 3.c4 e6 4.Nc3 exd5 5.cxd5 d6 6.Nf3 g6 7.g3 Bg7 8.Bg2 O-O
9.O-O a6 10.a4 Nbd7 11.Bf4 Qe7 12.Re1 Ng4 13.Qc2 Nge5 14.Rab1 Rb8 15.b4 cxb4
16.Rxb4 Nxf3+ 17.Bxf3 Ne5 18.Be4 Bh3 19.Nd1 Rbc8 20.Qb1 Rc7 21.Ne3 Rfc8 22.Bg2 Bxg2
23.Kxg2 f5 24.Rd1 Nf7 25.Rb6 Qd7 26.h4 Qxa4 27.Rxb7 Qd7 28.Rb6 a5 29.Qa2 Bc3
30.Rc1 Rc5 31.Rb3 h6 32.Qb1 Bb4 33.Rh1 h5  1/2-1/2

[Event "Vizag GM Open"]
[Site "Visakhapatnam IND"]
[Date "2011.11.30"]
[Round "10"]
[White "Rajesh,VA"]
[Black "Deepan,C"]
[Result "1-0"]
[WhiteElo "2338"]
[BlackElo "2492"]

1.d4 Nf6 2.c4 c5 3.d5 e6 4.Nc3 exd5 5.cxd5 d6 6.Nf3 g6 7.Bf4 Bg7 8.Qa4+ Bd7
9.Qb3 Qc7 10.e4 O-O 11.Bd3 a6 12.a4 Nh5 13.Be3 Bg4 14.Nd2 f5 15.exf5 Bxf5
16.Be2 Nf6 17.h3 h5 18.O-O Nbd7 19.Nc4 Ne4 20.Bf4 Rf6 21.Bh2 Re8 22.Rae1 Nxc3
23.bxc3 Nf8 24.Bf3 Rd8 25.Be4 Bd7 26.Qb6 Qxb6 27.Nxb6 Bf5 28.Bg3 Rf7 29.Bh4 Rb8
30.c4 Bc3 31.Re2 Re8 32.f3 Bxe4 33.Rxe4 Rxe4 34.fxe4 Bd4+ 35.Bf2 Be5 36.Re1 Nh7
37.a5 Kf8 38.Na4 Ke8 39.Re2 Nf6 40.g3 Kd8 41.Kg2 Kc7 42.Nb6 Rf8 43.Be1 Nh7
44.Bd2 Rf7 45.Bf4 Bxf4 46.gxf4 Rxf4 47.e5 dxe5 48.Rxe5 Rf7 49.Re6 Nf8 50.Re8 Nd7
51.Na8+  1-0

[Event "Final Russian Rapid GP"]
[Site "Apatity RUS"]
[Date "2011.12.02"]
[Round "1.2"]
[White "Bocharov,D"]
[Black "Inarkiev,E"]
[Result "0-1"]
[WhiteElo "2609"]
[BlackElo "2686"]

1.d4 Nf6 2.c4 c5 3.Nf3 e6 4.d5 exd5 5.cxd5 d6 6.Nc3 a6 7.a4 g6 8.h3 Qe7 9.Bf4 Bg7
10.e3 O-O 11.Be2 Nbd7 12.O-O Rb8 13.Nd2 Ne5 14.Bh2 Ne8 15.f4 Nd3 16.e4 Bd4+
17.Kh1 Nf2+ 18.Rxf2 Bxf2 19.Nf3 Ng7 20.e5 f5 21.Qf1 Bd4 22.Rd1 Bxc3 23.bxc3 Bd7
24.a5 b5 25.Qf2 Rbe8 26.Bg3 Nh5 27.Bh4 Qg7 28.Qe3 Nxf4 29.Qxf4 dxe5 30.Qe3 e4
31.Ng5 f4 32.Qxc5 f3 33.gxf3 Qh6 34.Qf2 Rf4 35.Qa7 Bc8 36.d6 Bxh3 37.d7 Bxd7  0-1

[Event "2nd JAHV McGregor Open"]
[Site "Bogota COL"]
[Date "2011.12.08"]
[Round "5"]
[White "Culma,R"]
[Black "Rojas Barrero,A"]
[Result "1/2-1/2"]
[WhiteElo "2053"]
[BlackElo "2249"]

1.d4 Nf6 2.Nf3 c5 3.d5 e6 4.c4 exd5 5.cxd5 d6 6.Nc3 g6 7.e4 Bg7 8.Bd3 O-O
9.O-O Bg4 10.h3 Bxf3 11.Qxf3 Nbd7 12.Qd1 a6 13.a4 Rb8 14.Re1 Re8 15.f4 Nh5
16.Qf3 f5 17.Be3 fxe4 18.Nxe4 Qb6 19.Rab1 Bd4 20.Bxd4 cxd4 21.b4 Rf8 22.a5 Qd8
23.g3 Ndf6 24.Ng5 Qd7 25.Ne6 Rf7 26.g4 Ng7 27.Nxd4 b6 28.Nc6 Rbf8 29.axb6 Qb7
30.Bc4 Nxg4 31.hxg4 Rxf4 32.Qh3  1/2-1/2

[Event "13th Metropolitan GM"]
[Site "Los Angeles USA"]
[Date "2011.12.09"]
[Round "4"]
[White "Ginsburg,M"]
[Black "Sevillano,E"]
[Result "0-1"]
[WhiteElo "2367"]
[BlackElo "2461"]

1.d4 Nf6 2.c4 c5 3.d5 e6 4.Nc3 exd5 5.cxd5 d6 6.Nf3 g6 7.h3 Bg7 8.e4 O-O
9.Bd3 Re8 10.O-O a6 11.a4 Nh5 12.Re1 Nd7 13.a5 b5 14.axb6 Qxb6 15.Ra2 Ne5
16.Be2 Nxf3+ 17.Bxf3 Nf6 18.Bf4 Bb7 19.e5 dxe5 20.Bxe5 Rad8 21.d6 Bxf3 22.gxf3 Re6
23.Ra1 Qc6 24.Bh2 Rxe1+ 25.Qxe1 Qxf3 26.Rxa6 Qxh3 27.Qf1 Qg4+ 28.Qg2 Qe6
29.Qc6 Ng4 30.Bg3 Bd4 31.Ra8 Rxa8 32.Qxa8+ Kg7 33.Ne4 Be5 34.Qb7 Bxg3 35.fxg3 Ne5
36.Qe7 Qf5 37.Nf2 h5 38.b3 Qb1+ 39.Kg2 Qf5 40.Kg1 Nd7 41.Ne4 Qg4 42.Kf2 Qf5+
43.Kg1 Ne5 44.Nf2 g5 45.Nh3 Qb1+ 46.Kg2 Qe4+ 47.Kg1 Qe1+ 48.Kg2 Qe2+ 49.Kg1 Qd1+
50.Kg2 Qf3+  0-1

[Event "TCh-CZE Liga 1 Zapad"]
[Site "Czech Rep CZE"]
[Date "2011.12.11"]
[Round "5.1"]
[White "Sodoma,J"]
[Black "Svoboda,V2"]
[Result "1/2-1/2"]
[WhiteElo "2380"]
[BlackElo "2321"]

1.d4 Nf6 2.c4 e6 3.Nc3 c5 4.d5 exd5 5.cxd5 d6 6.Nf3 g6 7.Nd2 Bg7 8.e4 O-O
9.Be2 Re8 10.O-O Nbd7 11.a4 Ne5 12.Qc2 g5 13.Bb5 Rf8 14.Re1 h6 15.Nd1 Qe7
16.Nf1 Ng6 17.Bd2 Ng4 18.Be2 N4e5 19.Ng3 Nh4 20.Ne3 Bd7 21.Bc3 a6 22.a5 Rae8
23.h3 Bh8 24.Rab1 Bc8 25.b4 cxb4 26.Bxb4 Rd8 27.Rbc1 Qf6 28.Qc7 Qf4 29.Qb6 Nd7
30.Qxd6 Nf6 31.Qxf4 gxf4 32.Bxf8 Kxf8 33.Nef5 fxg3 34.Nxh4 Nxe4 35.fxg3 Bd4+
36.Kh2 Bf2 37.Bf3 Bxg3+ 38.Kg1 Nf6 39.d6 Bxh4 40.Re7 Rxd6 41.Re4 Nxe4 42.Rxc8+ Rd8  1/2-1/2

[Event "3rd Balkan GP Individual"]
[Site "Podgorica MNE"]
[Date "2011.12.13"]
[Round "5"]
[White "Blagojevic,Dr"]
[Black "Ivanisevic,I"]
[Result "0-1"]
[WhiteElo "2514"]
[BlackElo "2636"]

1.d4 Nf6 2.c4 e6 3.Nf3 c5 4.d5 d6 5.Nc3 exd5 6.cxd5 g6 7.h3 Bg7 8.e4 a6 9.a4 Nbd7
10.Bd3 Nh5 11.Bg5 Bf6 12.Be3 Ne5 13.Be2 Nxf3+ 14.Bxf3 Ng7 15.Qd2 O-O 16.O-O Bd7
17.Rab1 b5 18.axb5 axb5 19.b4 Ra3 20.Rfc1 c4 21.Bg4 Bxg4 22.hxg4 Qd7 23.Bd4 Bxd4
24.Qxd4 Rfa8 25.Qb6 Qxg4 26.Nxb5 Nh5 27.Nxa3 Nf4 28.g3 Rxa3 29.Rc2 Qh3 30.gxf4 Qg4+
31.Kf1 Rh3 32.Ke1 Rh1+ 33.Kd2 Rxb1  0-1

[Event "XXIII Carlos Torre Magistral"]
[Site "Merida MEX"]
[Date "2011.12.19"]
[Round "7.4"]
[White "Ibarra Chami,L"]
[Black "Gonzalez Vidal,Y"]
[Result "0-1"]
[WhiteElo "2480"]
[BlackElo "2554"]

1.d4 Nf6 2.c4 e6 3.Nf3 c5 4.d5 exd5 5.cxd5 d6 6.Nc3 g6 7.e4 Bg7 8.h3 a6 9.a4 Nbd7
10.Bd3 Nh5 11.O-O Ne5 12.Be2 Nxf3+ 13.Bxf3 Qh4 14.Ne2 O-O 15.a5 Bd7 16.Ra3 Rae8
17.Bd2 Bxb2 18.Re3 Bb5 19.Re1 Be5 20.Bc3 Nf4 21.Bxe5 Nxe2+ 22.Bxe2 Rxe5 23.Qb1 c4
24.Bf1 f5 25.f3 Rfe8 26.Qb4 fxe4 27.f4 Qxf4 28.Qxd6 Qf8 29.Qc7 Qf7 30.d6 Qxc7  0-1

[Event "20th Aschacher Donau"]
[Site "Aschach AUT"]
[Date "2011.12.27"]
[Round "3"]
[White "Menezes,Chr"]
[Black "Boskovic,D"]
[Result "0-1"]
[WhiteElo "2263"]
[BlackElo "2421"]

1.d4 Nf6 2.c4 c5 3.d5 e6 4.Nc3 exd5 5.cxd5 d6 6.Nf3 g6 7.Bf4 a6 8.a4 Bg7
9.e4 O-O 10.Nd2 Nh5 11.Be3 Qh4 12.g3 Qe7 13.Bg2 Nd7 14.O-O Rb8 15.a5 Ne5
16.h3 b5 17.axb6 Rxb6 18.Qc2 Rb4 19.Ra4 f5 20.f4 Nxg3 21.fxe5 Nxf1 22.Bxf1 Bxe5
23.Bg2 Rxa4 24.Qxa4 fxe4 25.Ndxe4 Qh4 26.Qd1 Bxh3 27.Bg5 Qg4 28.Qxg4 Bxg4
29.Be7 Rb8 30.Bxd6 Bxd6 31.Nxd6 Rxb2 32.Nce4 Kg7 33.Nxc5 a5 34.Be4 h5 35.Nc4 Rb5
36.Nd3 a4 37.Nde5 Rb4 38.Bxg6 Rxc4 39.Nxc4 Kxg6 40.d6 Kf6 41.Kf2 h4 42.Ke3 Be6  0-1

[Event "XXII Cajacanarias Christmas"]
[Site "Santa Cruz de Tenerife ESP"]
[Date "2011.12.28"]
[Round "8"]
[White "Aguirre Lorenzo,L"]
[Black "Mingorance Torres,F"]
[Result "1-0"]
[WhiteElo "2090"]
[BlackElo "1753"]

1.d4 Nf6 2.c4 c5 3.d5 e6 4.Nc3 exd5 5.cxd5 d6 6.Nf3 g6 7.g3 Bg7 8.Bg2 O-O
9.O-O a6 10.a4 Nbd7 11.Nd2 Ne8 12.Nc4 Ne5 13.Na3 b6 14.h3 f5 15.f4 Nf7 16.Kh2 Rb8
17.Nc4 b5 18.axb5 axb5 19.Na5 Bd7 20.Nc6 Bxc6 21.dxc6 Nc7 22.Ra7 Rc8 23.Nd5 Nxd5
24.Bxd5 Rc7 25.Rb7 b4 26.Qb3 Kh8 27.Be3 Qe7 28.Ra1 Nd8 29.Rxc7 Qxc7 30.Ra6 Re8
31.Kg2 h6 32.Kf2 Re7 33.Qa2 Kh7 34.Bg8+ Kh8 35.Bd5 h5 36.Ra8 Kh7 37.Qa6 Bf6
38.Rc8 Qa7 39.Qxa7 Rxa7 40.c7 Nb7 41.Rb8  1-0

[Event "Cracovia Open A"]
[Site "Krakow POL"]
[Date "2012.01.04"]
[Round "9.13"]
[White "Valli,F"]
[Black "Grinev,V"]
[Result "0-1"]
[WhiteElo "2257"]
[BlackElo "2396"]

1.d4 Nf6 2.c4 c5 3.d5 e6 4.Nc3 exd5 5.cxd5 d6 6.Nf3 g6 7.g3 Bg7 8.Bg2 O-O
9.O-O Nbd7 10.a4 Re8 11.Nd2 a6 12.h3 Rb8 13.Nc4 Ne5 14.Na3 Nh5 15.e4 Bd7
16.a5 Qxa5 17.g4 Nf6 18.f4 Nexg4 19.hxg4 Nxg4 20.f5 h5 21.Bf4 Bd4+ 22.Kh1 Qd8
23.Qf3 Qh4+ 24.Bh3 gxf5 25.Qg3 Qxg3 26.Bxg3 b5 27.Nc2 Be5 28.Bxe5 Rxe5 29.Rxa6 b4
30.Rxd6 bxc3 31.bxc3 Ba4 32.Bxg4 fxg4 33.Ne3 Rxe4 34.Nf5 Be8 35.Rh6 Rb3 36.Rxh5 Rxc3
37.Nd6 Re2 38.Rg5+ Kf8 39.Rxg4 Rd3 40.Rh4 Ke7 41.Nxe8 Kxe8 42.Rh5 c4 43.Rc1 c3
44.Kg1 c2 45.Kf1 Red2 46.Rh8+ Kd7 47.Rf8 Rf3+ 48.Ke1 Rd1+  0-1

[Event "Cracovia Open A"]
[Site "Krakow POL"]
[Date "2012.01.04"]
[Round "9.15"]
[White "Laurusas,T"]
[Black "Gbyl,A"]
[Result "1-0"]
[WhiteElo "2363"]
[BlackElo "2247"]

1.d4 Nf6 2.c4 c5 3.d5 e6 4.Nc3 exd5 5.cxd5 d6 6.Nf3 g6 7.Nd2 Bg7 8.e4 O-O
9.Be2 b6 10.O-O Ba6 11.Bc4 Re8 12.Re1 Qd7 13.a4 Ng4 14.Nb5 Bc8 15.h3 Nf6
16.Bd3 Na6 17.Nc4 Nc7 18.Nbxd6 Rd8 19.Qf3 Nfe8 20.e5 Ba6 21.Bg5 f6 22.Nxe8 Nxe8
23.exf6 Nxf6 24.Bxf6 Rf8 25.Re7  1-0

[Event "24th Staufer-Open"]
[Site "Schwaebisch Gmuend GER"]
[Date "2012.01.04"]
[Round "6"]
[White "Kvetny,M"]
[Black "Mohrholz,U"]
[Result "1/2-1/2"]
[WhiteElo "2155"]
[BlackElo "2021"]

1.d4 Nf6 2.c4 c5 3.d5 e6 4.Nc3 exd5 5.cxd5 d6 6.Nf3 g6 7.Nd2 Bg7 8.Nc4 O-O
9.Bf4 Ng4 10.Qd2 Ne5 11.Nxe5 dxe5 12.Bg5 f6 13.Bh6 a6 14.Bxg7 Kxg7 15.h4 b5
16.e4 Qd6 17.h5 g5 18.a4 b4 19.Nd1 Rd8 20.Ne3 Nc6 21.Nc4 Qb8 22.b3  1/2-1/2

[Event "ch-AUS 2011-12"]
[Site "North Geelong AUS"]
[Date "2012.01.08"]
[Round "11.4"]
[White "Liu,Yi"]
[Black "Zhao Zong Yuan"]
[Result "0-1"]
[WhiteElo "2039"]
[BlackElo "2564"]

1.d4 Nf6 2.c4 e6 3.Nf3 c5 4.d5 d6 5.Nc3 exd5 6.cxd5 a6 7.a4 g6 8.h3 Qe7 9.Bf4 Bg7
10.e3 O-O 11.Bd3 Nh5 12.Bh2 f5 13.O-O Nd7 14.Nd2 Ne5 15.Be2 Nf6 16.f4 Nd3
17.Kh1 Nb4 18.Nc4 Bd7 19.Bf3 Rae8 20.Re1 b5 21.Nb6 c4 22.e4 Nd3 23.Qd2 fxe4
24.Nxe4 Nxe1 25.Rxe1 Bf5 26.Nxf6+ Qxf6 27.Rxe8 Rxe8 28.axb5 Qd4  0-1

[Event "ch-AUS 2011-12"]
[Site "North Geelong AUS"]
[Date "2012.01.08"]
[Round "11.13"]
[White "Tang,J"]
[Black "Nakauchi,G"]
[Result "0-1"]
[WhiteElo "2008"]
[BlackElo "2116"]

1.d4 Nf6 2.c4 c5 3.d5 e6 4.Nc3 exd5 5.cxd5 d6 6.Nf3 g6 7.h3 Bg7 8.e4 O-O
9.Bd3 b5 10.Nxb5 Nxe4 11.Bxe4 Re8 12.Ng5 h6 13.Ne6 Qa5+ 14.Nc3 Ba6 15.Qf3 fxe6
16.dxe6 Bxc3+ 17.bxc3 Rxe6 18.Kd2 Nd7 19.Bd5 Re8 20.Bxe6+ Rxe6 21.Qd5 Kf7
22.Re1 Ne5 23.Re4 Qb6 24.Qb3 Qc6 25.Rf4+ Ke7 26.Kc2 g5 27.Ra4 c4 28.Qb4 Qe4+
29.Kd1 Nd3  0-1

[Event "10th Parsvnath Open"]
[Site "New Delhi IND"]
[Date "2012.01.15"]
[Round "2"]
[White "Vidit,S"]
[Black "Nepali,B"]
[Result "1-0"]
[WhiteElo "2513"]
[BlackElo "2149"]

1.d4 Nf6 2.Nf3 e6 3.c4 c5 4.d5 exd5 5.cxd5 d6 6.Nc3 g6 7.Bf4 a6 8.a4 Bg7
9.e3 O-O 10.h3 Re8 11.Nd2 Qc7 12.Be2 Nbd7 13.O-O Ne5 14.Bh2 Rb8 15.Kh1 h6
16.f4 Ned7 17.e4 Nh7 18.Bd3 g5 19.e5 gxf4 20.exd6 Qxd6 21.Nc4 Qc7 22.Bxf4 Ne5
23.d6 Qd8 24.Bxe5 Bxe5 25.Bxh7+ Kxh7 26.Nxe5 Rxe5 27.d7  1-0

[Event "10th Parsvnath Open"]
[Site "New Delhi IND"]
[Date "2012.01.16"]
[Round "3"]
[White "Bitan,B"]
[Black "Kuderinov,K"]
[Result "1-0"]
[WhiteElo "2331"]
[BlackElo "2497"]

1.d4 Nf6 2.c4 e6 3.Nf3 c5 4.d5 exd5 5.cxd5 d6 6.Nc3 g6 7.Bf4 Bg7 8.h3 O-O
9.e3 Bf5 10.Nd2 Na6 11.Be2 Nb4 12.e4 Re8 13.Bg5 Bc8 14.O-O Rb8 15.Re1 Na6
16.Bb5 Rf8 17.f4 h6 18.Bh4 g5 19.fxg5 Nh7 20.gxh6 Bd4+ 21.Bf2 Bxf2+ 22.Kxf2 Kh8
23.Nf3 Rg8 24.Qd2 Qf6 25.Ne2 Qg6 26.g4 Qxe4 27.Nf4 Qb4 28.Qxb4 Nxb4 29.Re7 a6
30.Be2 Rf8 31.a3 Nc2 32.Rc1 Nd4 33.Nxd4 cxd4 34.h4 Nf6 35.g5 Ng8 36.Rec7 Bf5
37.R1c4 b5 38.Rxd4 Rbc8 39.Rc6 Ne7 40.Rxd6 Rc2 41.Rf6 Bh7 42.Ne6 Re8 43.Ng7 Nf5
44.Nxf5 Rexe2+ 45.Kg3 Rg2+ 46.Kf4 Rgf2+ 47.Ke5 Rc8 48.Ng7 Re2+ 49.Kd6 Kg8
50.Rdf4 Rd8+ 51.Kc7 Rxd5 52.Rxf7 Rc2+ 53.Kb6 Bd3 54.Rf8+ Kh7 55.Ne8 Kg6 56.Rg8+  1-0

[Event "11th Prague Open A"]
[Site "Prague CZE"]
[Date "2012.01.17"]
[Round "5"]
[White "Rosko,L"]
[Black "Mitrandzas,A"]
[Result "1-0"]
[WhiteElo "2322"]
[BlackElo "2102"]

1.d4 Nf6 2.c4 e6 3.Nf3 c5 4.d5 exd5 5.cxd5 d6 6.Nc3 g6 7.Nd2 Bg7 8.e4 a6
9.a4 O-O 10.Be2 Nbd7 11.O-O Rb8 12.Qc2 Ne5 13.Ra3 g5 14.Re1 g4 15.Nf1 Bd7
16.a5 Nh5 17.Ne3 Qh4 18.Nf5 Bxf5 19.exf5 Nf6 20.Ne4 Nxe4 21.Qxe4 Rbe8 22.Qf4 Kh8
23.h3 Rg8 24.hxg4 c4 25.Rh3 Nd3 26.Rxh4 Nxf4 27.Bxf4 Bxb2 28.Be3 Rc8 29.g5 Rge8
30.Rxc4  1-0

[Event "11th Prague Open A"]
[Site "Prague CZE"]
[Date "2012.01.17"]
[Round "5"]
[White "Stefansson,H"]
[Black "Chudinovskikh,A"]
[Result "1-0"]
[WhiteElo "2534"]
[BlackElo "2276"]

1.d4 Nf6 2.c4 e6 3.Nf3 c5 4.d5 exd5 5.cxd5 d6 6.Nc3 g6 7.e4 Bg7 8.h3 O-O
9.Bd3 a6 10.a4 Nbd7 11.O-O Qe7 12.Bf4 Nh5 13.Bh2 Bh6 14.Re1 Nf4 15.Bf1 Ne5
16.a5 Bd7 17.Na4 Bb5 18.Nb6 Rad8 19.b3 Rfe8 20.Nc4 Bxc4 21.bxc4 Qf6 22.Nxe5 dxe5
23.Rb1 Rd7 24.Rb6 Qd8 25.Qa4 Nh5 26.Reb1 Bd2 27.Rxb7 Rxb7 28.Rxb7 Bxa5 29.Rd7 Qb6
30.Rd6 Qb8 31.Rc6 Bc3 32.Rxc5 Bd4 33.Ra5 Nf6 34.Bd3 Nd7 35.Qxd7  1-0

[Event "10th Parsvnath Open"]
[Site "New Delhi IND"]
[Date "2012.01.18"]
[Round "6"]
[White "Thejkumar,M"]
[Black "Rathnakaran,K"]
[Result "0-1"]
[WhiteElo "2455"]
[BlackElo "2403"]

1.d4 Nf6 2.c4 c5 3.d5 e6 4.Nc3 exd5 5.cxd5 d6 6.Nf3 g6 7.Qa4+ Bd7 8.Qb3 Qb6
9.Qxb6 axb6 10.e4 Na6 11.Bf4 Nh5 12.Be3 Bg7 13.Be2 Nb4 14.Kd2 f5 15.exf5 gxf5
16.Ng5 Nf6 17.Bf4 Nbxd5 18.Bxd6 Nxc3 19.bxc3 Bh6 20.Bd3 Bxg5+ 21.f4 Bh6 22.g4 Ne4+
23.Bxe4 fxe4  0-1

[Event "10th Parsvnath Open"]
[Site "New Delhi IND"]
[Date "2012.01.20"]
[Round "8.3"]
[White "Debashis,D"]
[Black "Rathnakaran,K"]
[Result "1/2-1/2"]
[WhiteElo "2389"]
[BlackElo "2403"]

1.d4 Nf6 2.c4 c5 3.d5 e6 4.Nc3 exd5 5.cxd5 d6 6.Nf3 a6 7.a4 g6 8.Nd2 Nbd7
9.e4 Bg7 10.Nc4 Nb6 11.Ne3 Bd7 12.Bd3 O-O 13.O-O Re8 14.Bd2 Rb8 15.Re1 Nc8
16.a5 Na7 17.h3 Nb5 18.Nc4 Nh5 19.g4 Nd4 20.Kg2 Qh4 21.Rh1 f5 22.Nxd6 Rf8
23.gxh5 fxe4 24.Ncxe4 Rf3 25.Qxf3 Nxf3 26.Kxf3 Qxh5+ 27.Kg2 Rf8 28.f4 Bb5
29.Bxb5 axb5 30.Rhe1 Qxd5 31.Rad1 Bxb2 32.Bc1 Qb3 33.Nxc5 Qc3 34.Be3 Qxa5
35.Ncxb7 Qa3 36.Bd4  1/2-1/2

[Event "ch-Belgrade w 2012"]
[Site "Belgrade SRB"]
[Date "2012.01.22"]
[Round "1.2"]
[White "Rakic,Te"]
[Black "Djukic,Sa"]
[Result "0-1"]
[WhiteElo "1805"]
[BlackElo "2197"]

1.d4 Nf6 2.c4 c5 3.d5 e6 4.Nc3 exd5 5.cxd5 d6 6.Nf3 g6 7.Nd2 Nbd7 8.e4 a6
9.a4 Bg7 10.Nc4 Nb6 11.Ne3 O-O 12.Bd3 Qc7 13.a5 Nbd7 14.Nc4 b5 15.axb6 Nxb6
16.O-O Nxc4 17.Bxc4 Re8 18.Re1 Nd7 19.Bf1 Bb7 20.Bf4 Ne5 21.Bg3 Qb6 22.Rb1 a5
23.Bb5 Re7 24.f4 Nd7 25.Bh4 f6 26.Bc4 Kh8 27.Qb3 Qxb3 28.Bxb3 Ba6 29.Ra1 Bd3
30.Ba4 h6 31.Bb5 c4 32.Bc6 Rb8 33.Bxd7 Rxd7 34.Rxa5 g5 35.Bf2 gxf4 36.Rb5 Re8
37.Rb6 f5 38.exf5 Rxe1+ 39.Bxe1 Bd4+  0-1

[Event "15th Metropolitan IM"]
[Site "Los Angeles USA"]
[Date "2012.01.26"]
[Round "3"]
[White "Kavutskiy,K"]
[Black "Sevillano,E"]
[Result "1/2-1/2"]
[WhiteElo "2315"]
[BlackElo "2490"]

1.d4 Nf6 2.c4 c5 3.d5 e6 4.Nf3 exd5 5.cxd5 d6 6.Nc3 g6 7.Bf4 Bg7 8.h3 O-O
9.e3 Ne8 10.Be2 Nd7 11.O-O a6 12.a4 Rb8 13.Nd2 Ne5 14.Bh2 f5 15.Nc4 Nxc4
16.Bxc4 b6 17.Qe2 Nc7 18.Rfd1 Qd7 19.Bb3 b5 20.axb5 axb5 21.Ra7 c4 22.Bc2 Rb7
23.Ra5 Qd8 24.Qd2 b4 25.Na4 Nb5 26.Ra6 c3 27.bxc3 bxc3 28.Qe2 Bd7 29.Bxd6 Nxd6
30.Rxd6 Qb8 31.Rc6 Bxc6 32.dxc6 Rc7 33.Qc4+ Kh8 34.Nxc3 Rcc8 35.Ba4 f4 36.Nd5 fxe3
37.Nxe3 Qb2 38.Qc2 Qxc2 39.Nxc2 Rf4 40.Bb5 Rf5 41.Ba4 Ra5 42.Bb3 Rc5 43.Be6 Rf8
44.Nb4 Bc3 45.Rd5 Bxb4 46.Rxc5 Bxc5 47.c7 Bxf2+ 48.Kh2 h5 49.c8=Q Rxc8 50.Bxc8  1/2-1/2

[Event "17th HIT Open A"]
[Site "Nova Gorica SLO"]
[Date "2012.01.27"]
[Round "1"]
[White "Skoberne,J"]
[Black "Kosir,F"]
[Result "1-0"]
[WhiteElo "2542"]
[BlackElo "1953"]

1.c4 Nf6 2.d4 c5 3.d5 e6 4.Nc3 exd5 5.cxd5 d6 6.Nf3 g6 7.Bf4 Bg7 8.Qa4+ Bd7
9.Qb3 Qc7 10.e4 Nh5 11.Be3 O-O 12.Bd3 a6 13.a4 Bc8 14.O-O Nd7 15.Nd2 Ne5
16.Be2 Ng4 17.Bxg4 Bxg4 18.Nc4 Rab8 19.Qb6 Qxb6 20.Nxb6 Rbd8 21.h3 Bc8 22.g4 Nf6
23.Bg5 h6 24.Bh4 g5 25.Bg3 Nd7 26.Nxc8 Rxc8 27.Bxd6 Rfe8 28.f3 Bd4+ 29.Kg2 Ne5
30.Bxe5 Bxe5 31.a5 Red8 32.Na4 Bd4 33.Nb6 Rc7 34.Nc4 f6 35.Ra3 Rdd7 36.Rb3 Kg7
37.Rb6 Rc8 38.Nd6 Rb8 39.Nf5+ Kg6 40.h4 Be5 41.Rc1 Bc7 42.h5+ Kf7 43.Nxh6+ Kg7
44.Nf5+ Kf7 45.Rxc5 Bxb6 46.axb6  1-0

[Event "15th Metropolitan IM"]
[Site "Los Angeles USA"]
[Date "2012.01.28"]
[Round "7"]
[White "Kudryavtsev,V"]
[Black "Amanov,Z"]
[Result "0-1"]
[WhiteElo "2151"]
[BlackElo "2402"]

1.d4 Nf6 2.c4 e6 3.Nf3 c5 4.d5 exd5 5.cxd5 d6 6.Nc3 g6 7.e4 a6 8.a4 Bg4 9.Be2 Bxf3
10.Bxf3 Bg7 11.O-O O-O 12.Bf4 Ne8 13.Qd2 Nd7 14.Rfe1 Qe7 15.h3 Rb8 16.Rab1 Nc7
17.b4 b6 18.Bg4 Ne5 19.Be2 Rfe8 20.Bg5 f6 21.Be3 Nf7 22.h4 f5 23.exf5 gxf5
24.g3 cxb4 25.Rxb4 Bxc3 26.Qxc3 Nxd5 27.Qb3 Nxb4 28.Qxb4 d5 29.Qb3 b5 30.axb5 axb5
31.Qxd5 Qe6 32.Qd4 Qe4 33.Qa7 b4 34.Bh5 Qb7 35.Qd4 b3 36.Qf6 Qd5 37.Rd1 Qe6
38.Qb2 Red8 39.Ra1 Rd7 40.Bf4 Rbd8 41.Rb1 Rb7 42.Bd1 Qe1+ 43.Kg2 Rxd1  0-1

[Event "Moscow Open Women 2012"]
[Site "Moscow RUS"]
[Date "2012.01.28"]
[Round "1"]
[White "Paikidze,N"]
[Black "Bakunina,A"]
[Result "1-0"]
[WhiteElo "2411"]
[BlackElo "1962"]

1.d4 Nf6 2.c4 c5 3.d5 e6 4.Nc3 exd5 5.cxd5 d6 6.Nf3 g6 7.Bf4 a6 8.Nd2 Nh5
9.Qa4+ Qd7 10.Qe4+ Be7 11.Bh6 Nf6 12.Qc2 b5 13.Bg7 Rg8 14.Bxf6 Bxf6 15.a4 Bb7
16.axb5 axb5 17.Rxa8 Bxa8 18.e4 Bxc3 19.Qxc3 b4 20.Qg3 Qe7 21.Bb5+ Kf8 22.O-O Kg7
23.Ra1 Bb7 24.Ra7 Rc8 25.e5 dxe5 26.Nc4 Rd8 27.d6 f6 28.h4 Qf7 29.Na5  1-0

[Event "17th HIT Open A"]
[Site "Nova Gorica SLO"]
[Date "2012.01.28"]
[Round "4"]
[White "Brcar,Al"]
[Black "Skoberne,J"]
[Result "0-1"]
[WhiteElo "1990"]
[BlackElo "2542"]

1.d4 Nf6 2.c4 c5 3.d5 e6 4.Nc3 exd5 5.cxd5 d6 6.Nf3 g6 7.Bf4 a6 8.a4 Bg7
9.h3 O-O 10.e3 Ne8 11.Be2 Nd7 12.Nd2 f5 13.Nc4 Ne5 14.Bxe5 Bxe5 15.a5 Qe7
16.O-O Nf6 17.Bf3 Bd7 18.Nb6 Rae8 19.Re1 g5 20.Nxd7 Qxd7 21.Ra4 Kh8 22.e4 g4
23.hxg4 fxg4 24.Be2 g3 25.f3 Nh5 26.Nb1 Qg7 27.b3 Qh6 28.Nd2 Qe3+  0-1